Fawlty Towers Episode By Hint - Statistics

General Stats
  • This quiz has been taken 25 times
  • The average score is 9 of 12
Answer Stats
Hint Answer % Correct
Major believes that the moose's head on the wall talks The Germans
95%
Manuel's pet siberian hamster is loose in the hotel when a health inspector arrives for lunch Basil The Rat
85%
The chef has a row with Manuel and resorts to alcohol leading to him becoming unconscious Gourmet Night
80%
Many of Basil's relatives come round to visit after Sybil storms off The Anniversary
80%
Features Mr O' Reilly and his men who completely mess up the hotel and it's doors The Builders
80%
A person dies during the night so Basil and Manuel attempt to hide him from other guests The Kipper And The Corpse
75%
An American guest arrives at the hotel and has to pay Basil to keep the kitchen open after 9 o' clock Waldorf Salad
75%
Features a deaf woman who never turns up her hearing aid Communication Problems
70%
Basil meets a guest who he begins to have a grudge with after being extremely demanding and fussy. He also speaks strangely The Hotel Inspectors
70%
Basil meets a lord known as 'Lord Melbury' but he is actually a confidence trickster A Touch Of Class
65%
An Australian woman is staying at the hotel and Sybil believes that Basil keeps chasing her The Psychiatrist
65%
Features a French woman who flirts with Basil and it's Manuel's Birthday The Wedding Party
65%
No matching quizzes found
Score Distribution
Percent of People with Each Score
Percentile by Number Answered
Your Score History
You have not taken this quiz